000 00269nam a2200109Ia 4500
008 190919s9999||||xx |||||||||||||| ||und||
100 _aHall,C.M.
245 4 _aThe Geography of Tourism and Pecreation
260 _aUSA
_bMcGraw Hill
_c2000
300 _a666
942 _cBK
999 _c10200
_d10200